000 01010nam a22002537a 4500
005 20160118043318.0
008 160118b2009 ne ad |r|||| 00| 0 spa d
040 _aCO-BoIAVH
_cCO-BoIAVH
041 0 _aspa
090 _aLB-
_b05730
100 1 _aJansen, Boris
245 1 0 _aInforme final de investigación del programa reconstrucción del límite superior del Bosque en Ecuador (RUFLE) /
_cBoris Jansen [y otros 6]
260 _aAmsterdam, (Países bajos) :
_bInstituto para la Biodiversidad y Dinámica de Ecosistemas,
_c2009.
300 _a164 páginas aproximadamente sin numerar :
_btablas, gráficas ;
_c30 x 21 cm.
650 6 _aBosque
_zEcuador
650 4 _aBosque
_xdelimitación
_zEcuador
650 4 _aBosque
_vInvestigación
_zEcuador
700 1 _aMoscol Olivera, Marcela
700 1 _aTonneijck, Femke
700 1 _aCleef, Antoine
700 1 _aHooghiemstra, Henry.
700 1 _aVerstraten, Jacobus
942 _2z
_cINFORME
999 _c18005
_d18005